Fundamentos de análisis financieros
Guardado en:
| Autor principal: | |
|---|---|
| Formato: | Libro |
| Lenguaje: | español |
| Publicado: |
Madrid
Mc Graw Hill
1997
|
| Edición: | 4a. ed |
| Materias: | |
| Etiquetas: |
Agregar Etiqueta
Sin Etiquetas, Sea el primero en etiquetar este registro!
|
MARC
| LEADER | 00000nam a2200000 a 4500 | ||
|---|---|---|---|
| 001 | UCP1983 | ||
| 003 | CL-VaPUC | ||
| 008 | 990430e19970000SP |||||||||||||||||spa|d | ||
| 082 | 0 | 4 | |a 657.3 |b BER |2 21 |
| 100 | 0 | |a Bernstein, Leopold A |e author |9 428359 | |
| 245 | 1 | 0 | |a Fundamentos de análisis financieros |
| 250 | |a 4a. ed | ||
| 300 | |a 460 p | ||
| 942 | |c BK | ||
| 945 | |d 19990430 00:00:00 |a rbrito | ||
| 260 | |a Madrid |b Mc Graw Hill |c 1997 | ||
| 650 | 0 | |a Análisis financiero |9 264523 | |
| 650 | 7 | |a ESTADOS FINANCIEROS |2 CL-VaPUC |9 428360 | |
| 650 | 0 | |a Capital |9 263726 | |
| 650 | 7 | |a LIQUIDEZ |2 CL-VaPUC |9 428361 | |
| 583 | |a last modification |c 19990430 00:00:00 |k Rodrigo Vera | ||
| 999 | |c 280596 |d 280594 | ||
| 952 | |0 0 |1 0 |4 0 |6 657_300000000000000_BER_1997 |7 0 |8 A |9 320975 |a BIBENE |b BIBENE |d 2019-11-20 |i 3521095 |o 657.3 BER 1997 |p 3521095 |r 2025-01-15 |w 2019-11-20 |y BK |k ICO | ||